Statistics for Bottom Ten Countries in Asia by GDP Per Capita

Click here to take the quiz!

General Stats

  • This quiz has been taken 21 times
    (20 since last reset)
  • The average score is 9 of 10

Answer Stats

GDP Per CapitaAnswer% Correct
$2,474Afghanistan
100%
$4,831Myanmar
100%
$1,924Yemen
100%
$4,930Cambodia
93%
$5,690Nepal
93%
$5,224Pakistan
93%
$3,856Tajikistan
93%
$5,812Bangladesh
87%
$5,323Kyrgyzstan
87%
$3,119East Timor
80%

Score Distribution

Percentile by Number Answered

Percent of People with Each Score

Your Score History

You have not taken this quiz since the last reset